000 00510nab a2200181 4500
001 244442
003 OSt
005 20230726134208.0
007 tu
008 200917s2020|||||||
040 _aDE-2950
_cDE-2950
245 0 0 _aName für Grünanlage.
_bBeschluss. Der Lennépark trägt jetzt auch offiziell seine Bezeichnung
_cthg
264 _c2023
653 _aFrankfurt (Oder)
653 _aLennépark
773 0 _g34. Jahrgang (2023) Nr. 163 vom 15.07.2023, S. 15
_tMärkische Oderzeitung
942 _2z
_cA
999 _c372640
_d372640